Normal view
MARC view
- shafts
Entry Topical Term
001 - CONTROL NUMBER
- control field: 5981
003 - CONTROL NUMBER IDENTIFIER
- control field: OSt
005 - DATE AND TIME OF LATEST TRANSACTION
- control field: 20240213150149.0
008 - FIXED-LENGTH DATA ELEMENTS
- fixed length control field: 240213|| aca||aabn | a|a d
040 ## - CATALOGING SOURCE
- Original cataloging agency: OSt
- Transcribing agency: OSt
150 ## - HEADING--TOPICAL TERM
- Topical term or geographic name as entry element: shafts
670 ## - SOURCE DATA FOUND
- Source citation: Work cat.: (OSt)66: Gurbaksh , Singh . 5980, Strength of materials and structures, Vol.I , 1964.
